000
00325nam a2200121 a 4500
005
20140414132115.0
008
110824s19uu xx 00 eng d
050
_a
ER
_b
J12 1997
100
_a
Jackson, Alison
245
_a
I know an old lady who swallowed a pie.
260
_a
New York :
_b
Scholastic,
_c
1997.
999
_c
114875
_d
114875